000 01969cam a22005534i 4500
003 PE-LiUPU
005 20250731165647.0
008 150616s r 000 0 d
020 _a0805401105
035 _a(Sirsi) i9780805401103
040 _aPE-LiUPU
_bspa
_cPE-LiUPU
_erda
049 _aPRUA
082 0 4 _a221.077
_bN
_221
100 1 _aBreneman, Mervin,
_eautor.
245 1 0 _aEzra, Nehemiah, Esther.
_n10 /
_cMervin Bereneman.
264 1 _aNashville, Tennessee :
_bBroadman & Holman Publishers,
_c1993.
300 _a383 páginas ;
_c23 centímetros
336 _atext
_2rdacontent
337 _aunmediated
_2rdamedia
338 _avolume
_2rdacarrier
490 0 _aThe New American Commentary ;
_v10
504 _aBibliografía al pie de pag.
505 0 _aDescripcion y explicacion de los aconteciminetos en los libros de Esdras, Nehemías y Esther.
526 _aSEG44
526 _aSEG26
526 _aP151
526 _aP150
526 _aP149
526 _aP146
526 _aP145
526 _aP126
526 _aP125
526 _aP92
526 _aP75
526 _aP74
526 _aP27
526 _aP15
630 _aBiblia.
_pA.T.
_pEsdras
_xComentarios.
630 _aBiblia.
_pA.T.
_pEsther
_xComentarios.
630 _aBiblia.
_pA.T.
_pNehemías
_xComentarios.
650 0 4 _a
910 _ajck
_bjvq
_cjck
942 _2ddc
_cBOOK
949 _aRC 221.077 N 10
_wDEWEY
_c1
_i42406
_d2015-10-14
_lCCODEBUL1
_mBUL
_q1
_r0
_sY
_tBOOK
_u2015-6-16
_xTEOLOGIA
_zUNKNOWN
_0COMPRA
_o.CIRCNOTE. No olvidar cambiar la fecha de devolución!!!!!!!
_o.STAFF. Colección General
994 _aC0
_bPEPRU
596 _a1
999 _aRC 221.077 N 10
_wDEWEY
_c60243
_i42406
_d60243
_f2021-11-8
_g6
_lCCODEBUL1
_mBUL
_q1
_r1
_sY
_tBOOK
_u2015-6-16
_xTEOLOGIA
_zUNKNOWN
_0COMPRA
_o.CIRCNOTE. No olvidar cambiar la fecha de devolución!!!!!!!
_o.STAFF. Colección General
980 _81
_gALBERTO SANCHEZ Responsable de Automatización